Príspevok v oblasti vyhodnocovania ergonómie pracoviska

Guardado en:
Detalles Bibliográficos
Autor principal: Leskovský, Roman (Autor)
Otros Autores: Kučera, Erik (Orientador)
Formato: Manuscrito Libro
Lenguaje:eslovaco
Publicado: 2018
Materias:
Acceso en línea:http://is.stuba.sk/zp/portal_zp.pl?podrobnosti=137525
Etiquetas: Agregar Etiqueta
Sin Etiquetas, Sea el primero en etiquetar este registro!

MARC

LEADER 00000ntm a22000003a 4500
001 stuzp66333
003 SK-STU
005 20181210133831.6
007 ta
008 150427s2015----xo-----f-mn---000-0-slo-d
040 |a STU  |b slo 
041 0 |a slo 
044 |a xo 
100 1 |a Leskovský, Roman  |u 035000  |4 aut  |U FEI Fakulta elektrotechniky a informatiky  |T FEI Ústav informatiky a matematiky  |X 52612  |U E050  |Y 816  |7 52612 
242 0 1 |a Contribution to workplace ergonomics evaluation  |y eng 
245 1 0 |a Príspevok v oblasti vyhodnocovania ergonómie pracoviska 
260 |c 2018 
300 |a 76 s., DVD 
650 4 |a ergonomics  |2 eng 
650 4 |a motion capture  |2 eng 
650 4 |a virtual reality  |2 eng 
650 4 |a unity  |2 eng 
650 4 |a unity  |2 slo 
650 4 |a virtuálna realita  |2 slo 
650 4 |a motion capture  |2 slo 
650 4 |a ergonómia  |2 slo 
700 1 |a Kučera, Erik  |u 030400  |k Z2  |4 ths  |U FEI Fakulta elektrotechniky a informatiky  |T FEI Ústav automobilovej mechatroniky  |X 55901  |U E400  |Y 642  |7 A000055901 
856 4 |u http://is.stuba.sk/zp/portal_zp.pl?podrobnosti=137525 
996 |b 284EP12072  |c E*DIPL- 12072  |l EE35  |s P  |a 0  |w stuzp66333_0001